| 000 | 00000nam##2200000za#4500 |
| 001 | 9.640169 |
| 003 | CaOODSP |
| 005 | 20250910142445 |
| 007 | cr ||||||||||| |
| 008 | 150407|2005||||xxc|||||o f|0| 0 fre|d |
| 040 | |aCaOODSP|bfre |
| 043 | |an-cn--- |
| 086 | 1 |aD4-3/1-2005F-PDF |
| 110 | 1 |aCanada. |bMinistère de la défense nationale. |
| 245 | 10|aL'art opérationnel : |h[ressource électronique]|bperspectives canadiennes - contexte et concepts / |céditeurs : Allan English ... [et al.]; réalisé pour les Presses de l'Académie canadienne de la Défense par le Bureau d'édition de la 17e Escadre, Winnipeg. |
| 260 | |aWinnipeg - Manitoba : |bDéfense nationale |cc2005. |
| 300 | |a301p.|bréférences, index |
| 500 | |aLe n° de catalogue (D4-3/1-2005E) et le n° ISBN (0-662-40997-3) copiés dans cette édition PDF sont incorrects. |
| 590 | |a12-31-Supp|b2012-07-06 |
| 691 | 07|aArmée|2gcpds |
| 691 | 07|aOpération|2gcpds |
| 775 | 08|tThe operational art : |w(CaOODSP)9.696052 |
| 794 | |tL'art opérationnel du point de vue canadien : |w(CaOODSP)9.919635 |
| 856 | 40|ahttp://publications.gc.ca|qPDF|s1986 Ko|uhttps://publications.gc.ca/collections/collection_2012/dn-nd/D4-3-1-2005-fra.pdf |